000 01251cam a22002775i 4500
005 20191224042223.0
008 141204s2014 qucab b i000 0 spa
020 _a9292255436
040 _aDLC
_cDLC
_dDLC
_dCO-BoIAVH
041 0 _aspa
044 _acn
082 0 4 _a577.1076
_bS44g2
245 0 0 _aPerspectiva mundial sobre la Diversidad Biológica 4:
_bEvaluación a mitad de periodo sobre los avances en la implementación del Plan Estratégico para la Diversidad Biológica 2011 - 2020.
246 3 _aPerspectiva mundial sobre la Diversidad Biológica cuatro
260 _aMontreal (Canadá):
_bSecretaria sobre el convenio de la diversidad biológica,
_c2014.
300 _a155 páginas :
_bilustraciones y mapas a color ;
_c28 cm.
500 _a"UNEP; Convenio sobre la diversidad biológica."
504 _aIncluye referencias bibliográficas.
650 6 _aConservación de la diversidad biológica
650 6 _aDiversidad Biologica
_vConvención
650 6 _aPlanes de acción en biodiversidad
650 6 _aEvaluación de la biodiversidad
710 2 _aSecretariat of the Convention on Biological Diversity.
710 2 _aUnited Nations Environment Programme.
942 _2ddc
_cLIBRO
_02
999 _c17759
_d17759